Evaluación mundial de la biodiversidad : (Registro nro. 1820)

Detalles MARC
000 -CABECERA
Campo de control 00746cam a2200217 i 4500
005 - FECHA Y HORA DE LA ULTIMA TRANSACCION
Campo de control 20160123112324.0
008 - ELEMENTOS DE LONGITUD FIJA—INFORMACION GENERAL
Campo de control 001031s1995 us a r 00010 spa d
020 ## - ISBN
ISBN 0521564034
040 ## - FUENTE DE CATALOGACIÓN
Agencia catalogadora original la
Agencia transcriptora la
Agencia Modificadora CO-BoIAVH
041 0# - IDIOMA
Código de idioma para texto/pista de sonido o título separado Español
082 04 - NUMERO DE CLASIFICACION DECIMAL DEWEY
Número de clasificación 333.95
Número del ítem E92e
245 00 - MENCION DE TITULO
Título Evaluación mundial de la biodiversidad :
Parte restante del título resumen para los responsables de la formulación de políticas /
Mención de responsabilidad R.T. Watson.
260 ## - PUBLICACION, DISTRIBUCION, ETC. (PIE DE IMPRENTA)
Lugar de publicación, distribución, etc. Cambridge :
Nombre del editor, distribuidor, etc. PNUMA,
Fecha de publicación, distribución, etc. 1995.
300 ## - DESCRIPCION FISICA
Extensión viii, 53 páginas :
Otros detalles físicos il. ;
Dimensiones 24 cm.
650 14 - ASIENTO SECUNDARIO DE MATERIA - TERMINO TEMATICO
Término temático o nombre geográfico como elemento de entrada Política ambiental
Subdivisión general Evaluación.
9 (RLIN) 54317
650 24 - ASIENTO SECUNDARIO DE MATERIA - TERMINO TEMATICO
Término temático o nombre geográfico como elemento de entrada Protección del medio ambiente
Subdivisión general Evaluación.
9 (RLIN) 54318
650 24 - ASIENTO SECUNDARIO DE MATERIA - TERMINO TEMATICO
Término temático o nombre geográfico como elemento de entrada Diversidad biológica.
9 (RLIN) 54319
700 1# - ASIENTO SECUNDARIO - NOMBRE PERSONAL
Nombre personal Watson, R. T.
9 (RLIN) 24814
942 ## - ELEMENTOS ADICIONALES (KOHA)
Sistema de clasificación Dewey Decimal Classification
Tipo de ítem Libro
949 ## - LOCAL PROCESSING INFORMATION (OCLC)
a n
b n
Existencias
Withdrawn status Lost status Sistema de Clasificación Damaged status No para préstamo Colección Inventariado Ubicación Permanente Ubicación actual Fecha de adquisición Fuente de Valor Valor Total Checkouts Número topográfico Inventario / Código de Barras Date last seen Ejemplar Price effective from Forma de adquisición Tipo de material
    Dewey Decimal Classification     General Inventariado 2017 Bogotá Bogotá 24/01/2001 Instituto 39000.00   LB-333.95 E92e 002277 04/12/2012 Ej. 1 04/12/2012   Libro